UEFA Members but not European Countries - Statistics

General Stats
  • This quiz has been taken 80 times
    51 since last reset
  • The average score is 10 of 13
Answer Stats
Continent Country % Correct
Europe/Asia Turkey
95%
Asia Armenia
92%
Asia Israel
92%
Asia Azerbaijan
90%
Asia Georgia
87%
Asia Cyprus
77%
Asia Kazakhstan
77%
Europe Faroe Islands
69%
Europe Scotland
69%
Europe England
67%
Europe Gibraltar
67%
Europe Northern Ireland
67%
Europe Wales
67%
No matching quizzes found
Score Distribution
Percent of People with Each Score
Percentile by Number Answered
Your Score History
You have not taken this quiz since the last reset